| 000 | 00407nam a22001697a 4500 | ||
|---|---|---|---|
| 003 | CEME | ||
| 005 | 20210628202707.0 | ||
| 008 | 201230b xxu||||| |||| 00| 0 eng d | ||
| 020 | _a9780198086345 | ||
| 040 | _cCEME | ||
| 082 | _a174 SUB | ||
| 100 |
_aSubramanian, R _961106 |
||
| 245 | _aProfessional ethics | ||
| 260 |
_aINDIA _bOXFORD UNIVERSITY PRESS _c2015 |
||
| 300 | _aXV, 504P | ||
| 942 |
_cBK _2ddc |
||
| 999 |
_c570662 _d570662 |
||